skbl

Dr Suryya Kumar Bhuyan Library Web-OPAC
ডঃ সূৰ্য্য
কুমাৰ ভূঞা পুথিভঁৰাল ৱেব-অ'পেক

All Research Scholars are advised to clear the annual library fees to continue using Library Resources, Remote Access, Plagiarism Test and Library Clearance.

Cotton University Book Fair 2026

Medicinal plants and mushrooms of India : (Record no. 66020)

MARC details
000 -LEADER
fixed length control field 00653nam a2200193Ia 4500
001 - CONTROL NUMBER
control field 64920
008 - FIXED-LENGTH DATA ELEMENTS--GENERAL INFORMATION
fixed length control field 211118n ii |||gr||||Z||||||465
020 ## - INTERNATIONAL STANDARD BOOK NUMBER
International Standard Book Number 9789390658008
082 ## - DEWEY DECIMAL CLASSIFICATION NUMBER
Classification number 581.634
100 ## - MAIN ENTRY--PERSONAL NAME
Personal name Sarma, Jatindra,
Relator term Author.
245 #0 - TITLE STATEMENT
Title Medicinal plants and mushrooms of India :
Remainder of title Vol I-II (2 Sets) /
Statement of responsibility, etc. Jatindra Sarma .
Medium Textual Documents
250 ## - EDITION STATEMENT
Edition statement 2nd ed.
260 ## - PUBLICATION, DISTRIBUTION, ETC.
Place of publication, distribution, etc. New Delhi:
Name of publisher, distributor, etc. Ane Books Pvt. Ltd.,
Date of publication, distribution, etc. 2021.
300 ## - PHYSICAL DESCRIPTION
Extent xxi,447p.:
Dimensions 24cm.
653 ## - INDEX TERM--UNCONTROLLED
Uncontrolled term Medicinal plants
653 ## - INDEX TERM--UNCONTROLLED
Uncontrolled term Mushrooms of India
856 ## - ELECTRONIC LOCATION AND ACCESS
Uniform Resource Identifier <a href="Acc No --3992/cu/bot & 3990/cu/bot has been Transfered to the Deptt of Botany from skb Library">Acc No --3992/cu/bot & 3990/cu/bot has been Transfered to the Deptt of Botany from skb Library</a>
942 ## - ADDED ENTRY ELEMENTS (KOHA)
Source of classification or shelving scheme Dewey Decimal Classification
Koha item type Books
Holdings
Withdrawn status Lost status Damaged status Not for loan Collection Home library Current library Shelving location Date acquired Source of acquisition Coded location qualifier Cost, normal purchase price Total checkouts Full call number Barcode Date last seen Copy number Price effective from Koha item type Public note
          Dr. Suryya Kumar Bhuyan Library Dr. Suryya Kumar Bhuyan Library   17/11/2021 16 00000 14995.00   581.634 SA 45 ME 3993/CU/BOT 14/01/2024 4 17/11/2021 Books 16
          Dr. Suryya Kumar Bhuyan Library Dr. Suryya Kumar Bhuyan Library   17/11/2021 16 00000 14995.00   581.634 sa 45 me 3990/CU/BOT 14/01/2024 1 17/11/2021 Books 16
          Dr. Suryya Kumar Bhuyan Library Dr. Suryya Kumar Bhuyan Library   17/11/2021 16 00000 14995.00   581.634 SA 45 ME 3991/CU/BOT 14/01/2024 2 17/11/2021 Books 16
          Dr. Suryya Kumar Bhuyan Library Dr. Suryya Kumar Bhuyan Library   17/11/2021 16 00000 14995.00   581.634 SA 45 ME 3992/CU/BOT 14/01/2024 3 17/11/2021 Books 16

Designed and Maintained by Team SKBL
©1901-2026

Powered by Koha